MARC details
| 000 -LÍDER |
| campo de controle de tamanho fixo |
02041nam a22003494a 4500 |
| 001 - NÚMERO DE CONTROLE |
| campo de controle |
422 |
| 003 - IDENTIFICADOR DO NÚMERO DE CONTROLE |
| campo de controle |
OSt |
| 005 - DATA E HORÁRIO DA ÚLTIMA TRANSAÇÃO |
| campo de controle |
20250528074020.0 |
| 008 - CAMPO DE DADOS FIXOS--INFORMAÇÃO GERAL |
| campo de controle de tamanho fixo |
230927b bl ||||| |||| 00| 0 por d |
| 020 ## - ISBN - INTERNATIONAL STANDARD BOOK NUMBER |
| ISBN - International Standard Book Number |
9788598078441 |
| 040 ## - FONTE DA CATALOGAÇÃO |
| Idioma da catalogação |
por |
| 041 1# - CÓDIGO DE IDIOMA |
| Código do idioma do texto/trilha sonora ou título diferente |
por |
| Código do idioma do original e/ou traduções intermediárias do texto |
eng |
| 082 ## - CDD - CLASSIFICAÇÃO DECIMAL DE DEWEY |
| Número de Classificação |
IJ 028.5 |
| Número do exemplar |
R585m |
| 100 1# - ENTRADA PRINCIPAL--NOME PESSOAL |
| Nome pessoal |
Riordan, Rick, |
| Datas associadas ao nome |
1964- |
| 9 (RLIN) |
745 |
| 240 04 - TÍTULO UNIFORME |
| Título uniforme |
The sea of monsters. |
| 245 12 - TÍTULO |
| Título |
O mar de monstros / |
| Indicação de responsabilidade, etc. |
Riordan, Rick ; tradução de Ricardo Gouveia. - |
| 260 ## - PUBLICAÇÃO, DISTRIBUIÇÃO, ETC. |
| Local de publicação, distribuição, etc. |
Rio de Janeiro : |
| Nome do editor, distribuidor, etc. |
Intrínseca, |
| Data da publicação, distribuição, etc. |
2009. |
| 300 ## - DESCRIÇÃO FÍSICA |
| Extensão |
286p. ; |
| 490 1# - TÍTULO DA SÉRIE |
| Título da série |
(Percy Jackson & os olimpianos ; |
| Número do volume ou designação sequencial da série |
2) |
| 500 ## - NOTA GERAL |
| Nota geral |
Tradução de: The sea of monsters. |
| 520 ## - NOTA DE RESUMO, ETC. |
| Resumo, etc. |
O Mar de Monstros é o segundo volume da série Percy Jackson e os olimpianos, best-seller do The New York Times. Nessa nova aventura, Percy e seus amigos estão em busca do Velocino de Ouro, único artefato mágico capaz de proteger da destruição seu lugar predileto e, até então, o mais seguro do mundo: o Acampamento Meio-Sangue. Com o envenenamento da árvore de Thalia por um inimigo misterioso, as fronteiras mágicas que protegem o Acampamento estão ameaçadas, e é preciso buscar o antídoto.<br/><br/>Assim, nossos heróis partem em uma arriscada e incrível viagem pelo Mar de Monstros, localizado nas coordenadas 30-31-75-12: uma referência ao Triângulo das Bermudas. Lá, enfrentam seres fantásticos e muitos perigos e situações inusitadas, que põem à prova seu heroísmo e sua herança – quando Percy irá questionar se ser filho de Poseidon é uma honra ou uma terrível maldição. Combinando fatos contemporâneos com mitologia, fantasia com erudição, O Mar de Monstros diverte, encanta e ensina pais e filh |
| 650 00 - ASSUNTO--TERMO TÓPICO |
| Cabeçalho tópico ou nome geográfico |
Literatura Americana |
| 9 (RLIN) |
84 |
| 650 00 - ASSUNTO--TERMO TÓPICO |
| Cabeçalho tópico ou nome geográfico |
Infantojuvenil |
| 9 (RLIN) |
200 |
| 650 00 - ASSUNTO--TERMO TÓPICO |
| Cabeçalho tópico ou nome geográfico |
Lendas |
| 9 (RLIN) |
611 |
| 650 00 - ASSUNTO--TERMO TÓPICO |
| Cabeçalho tópico ou nome geográfico |
Mitologia grega. |
| 9 (RLIN) |
610 |
| 650 00 - ASSUNTO--TERMO TÓPICO |
| Cabeçalho tópico ou nome geográfico |
Literatura fantástica. |
| 655 #0 - TERMO DE ÍNDICE--GÊNERO E FORMA |
| Gênero/forma/ou termo foco |
Romance |
| 655 #0 - TERMO DE ÍNDICE--GÊNERO E FORMA |
| Gênero/forma/ou termo foco |
Ficção |
| 700 ## - ENTRADA ADICIONADA - NOME PESSOAL |
| Nome pessoal |
Gouveia, Ricardo, |
| Datas associadas ao nome |
1942- |
| 9 (RLIN) |
899 |
| 830 ## - ENTRADA SECUNDÁRIA DE SÉRIE--TÍTULO UNIFORME |
| Título uniforme |
Percy Jackson e Os olimpianos |
| Número do volume ou designação sequencial da série |
vol. 02 |
| 9 (RLIN) |
910 |
| 942 ## - ELEMENTOS DE ENTRADA ADICIONADOS (KOHA) |
| Fonte de classificação ou esquema de arquivamento |
Classificação decimal de Dewey |
| Tipo de material Koha |
Livros |